000
00220nam a22000857a 4500
008
160711b xxu||||| |||| 00| 0 eng d
100
_9
2578
_a
Prakash, V
245
_a
Selfish
260
_a
New Delhi
_b
Dreamland Publication
_c
2004
999
_c
2243
_d
2243